000 00331nam a2200157Ia 4500
100 _aNise/Norman S
250 _a4
942 _cBK
654 _acontrol engineering
245 _aControl system Engineering
260 _bJohn Wiley & Sons
_c2004
082 _a629.8
_bNIS
300 _a983
546 _aENGLISH
999 _c22385
_d22385